| 000 | 00943nas a2200301 4500 | ||
|---|---|---|---|
| 001 | BR2013001886 | ||
| 003 | BR-BrBNA | ||
| 005 | 20231205122037.0 | ||
| 007 | ta | ||
| 008 | 230509b bl.|||p| |||| 00| 00por d | ||
| 040 |
_aBR-BrBNA _bpor _cBiblioteca Nacional de Agricultura |
||
| 041 | _a(Pt) | ||
| 072 | _aQ04 | ||
| 100 | 1 | _aVallilo, M.I. | |
| 100 | 1 | _aMoreno, P.R.H. | |
| 100 | 1 | _aOliveira, E. de | |
| 100 | 1 | _aLamardo, L.C.A. | |
| 100 | 1 | _aGarbelotti, M.L. | |
| 245 | 1 | _aComposição química dos frutos de Campomanesia xanthocarpa Berg-Myrtaceae | |
| 650 | _aÓLEO ESSENCIAL | ||
| 650 | _aANÁLISE QUÍMICA | ||
| 650 | _aVALOR NUTRITIVO | ||
| 650 | _aVITAMINA | ||
| 773 | 0 |
_tCiência e Tecnologia de Alimentos (Brazil) _xISSN 1678-457X _g(Dec 2008), V. 28(Suplemento) p. 231-237 _wBR2013001886 |
|
| 856 | 4 | 0 | _uhttp://www.scielo.br/pdf/cta/v28s0/35.pdf |
| 909 |
_a202311 _bLúcia _c55 _dLúcia Elande |
||
| 942 |
_2AGRIS _n0 _cANA |
||
| 999 |
_c226619 _d226619 |
||